| 000 | 03215 a2200277 4500 | ||
|---|---|---|---|
| 999 |
_c11194 _d11194 |
||
| 020 | _a9781416066675 | ||
| 050 | 0 | 0 |
_aRC440 _bVAR 2010 |
| 100 | 1 |
_aVarcarolis, Elizabeth M., _eauthor. |
|
| 245 | 1 | 0 |
_aFoundations of psychiatric mental health nursing : _bA Clinical Aproach / _cElizabeth M. Varcarolis and Margaret Jordan Halter |
| 250 | _aSixth edition. | ||
| 264 | 1 |
_aSt. Louis, Missouri : _bElsevier, _c[2010] |
|
| 300 |
_axix, 488 pages : _bcolor illustrations ; |
||
| 336 |
_atext _2rdacontent _btxt |
||
| 337 |
_aunmediated _2rdamedia _bn |
||
| 338 |
_avolume _2rdacarrier _bnc |
||
| 504 | _aIncludes bibliographical references and index. | ||
| 505 | 0 | _aUnit I: Essential Theoretical Concepts for Practice. Practicing the Science and the Art of Psychiatric Nursing -- Mental Health and Mental Illness -- Theories and Therapies -- Biological Basis for Understanding Psychopharmacology -- Settings for Psychiatric Care -- Legal and Ethical Basis for Practice -- Unit II: Tools for Practice of the Art. Nursing Process and QSEN: The Foundation for Safe and Effective Care -- Communication Skills: Medium for All Nursing Practice -- Therapeutic Relationships and the Clinical Interview -- Unit III: Caring for Patients with Psychobiological Disorders. Trauma and Stress-Related Disorders -- Anxiety, Anxiety Disorders, and Obsessive-Compulsive Disorders -- Somatic Symptom Disorders and Related Disorders -- Personality Disorders -- Eating Disorders -- Mood Disorders: Depression -- Bipolar Spectrum Disorders -- Schizophrenia Spectrum Disorders and Other Psychotic Disorders -- Neurocognitive Disorders -- Substance-Related and Addictive Disorders -- Unit IV: Caring for Patients Experiencing Psychiatric Emergencies. Crisis and Mass Disaster -- Child, Partner, and Elder Violence -- Sexual Violence -- Suicidal Thoughts and Behaviors -- Anger, Aggression, and Violence -- Care for the Dying and Those Who Grieve -- Unit V: Age-Related Mental Health Disorders. Children and Adolescents -- Adults -- Older Adults -- Appendixes A. DSM-5 -- Classification B. NANDA-Approved Nursing Diagnoses. | |
| 520 | _a"Get a full understanding of today's psychiatric nursing practice in less time! Essentials of Psychiatric Mental Health Nursing, 3rd Edition offers the perfect balance of essential nursing interventions and clinical content paired with current research and evidence-based practice to fully equip you for today's field of mental health nursing. This new edition continues to retain the reader-friendly style, emphasis on therapeutic communication, and the nursing process organization that was successful in the previous edition. It also includes additional DSM-5 disorders, illustrations of various neurobiology disorders, a new neurobiology learning tool, and new NCLEX review questions to help you pass your course and thoroughly prepare for the psychiatric nursing section of the NCLEX."-- | ||
| 650 | 0 | _aPsychiatric nursing. | |
| 650 | 1 | 2 |
_aMental Disorders _xnursing |
| 650 | 2 | 2 |
_aPsychiatric Nursing _xmethods |
| 650 | 2 | 2 | _aEvidence-Based Nursing |
| 700 |
_aHalter,Margaret Jordan _eauthor |
||
| 942 |
_2lcc _cBK _eSixth edition _h440 _iVAR _kRC |
||